000 00458nam a22001817a 4500
003 CEME
005 20210628210533.0
008 210201b xxu||||| |||| 00| 0 eng d
020 _a0-099-28677-7
040 _c.
082 _a910.4 MAU
100 _aMaugham, W.Somerset
_979445
245 _aThe gentleman in the parlour
260 _aNEW DELHI
_bVIAGRAFIX
_c2001
300 _a212P
650 _aTHE GENTLEMAN IN THE PARLOUR
_979845
942 _cBK
_2ddc
999 _c584839
_d584839